Joueurs passés par le Paris Saint-Germain (PSG) - Mort subite - Statistiques

Statistiques générales
  • Ce quiz a été pris 21 722 fois
    21 706 depuis la dernière actualisation
  • Le résultat moyen est 10 sur 21
Answers on the Grid
Answers color-coded by a green-red scale on the quiz's grid according to % correct below.
Pauleta
Ousmane Dembélé
Neymar Jr.
Kingsley Coman
Wesley Sneijder
Memphis Depay
Mike Maignan
Lionel Messi
Cristiano Ronaldo
David Beckham
Jonathan Ikoné
Alexandre Pato
Hatem Ben Arfa
Daniel Alves
Sergio Ramos
Lilian Thuram
David Trezeguet
Samuel Eto’o
Lassana Diarra
Maxwell
Jay-Jay Okocha
Ronaldinho
Everton Santos
Mickaël Landreau
Pierre-Alain Frau
Allan Saint-Maximin
Sadio Mané
Mohamed Salah
Guillaume Hoarau
Blaise Matuidi
Vinicius Jr.
Xavi Simons
Roberto Carlos
Paolo Maldini
George Weah
Juninho
Hugo Lloris
Paul Pogba
Paulo Dybala
Pierre-Emerick Aubameyang
 
Statistiques - réponses
Réponse % Correct
Neymar Jr.
61%
Ousmane Dembélé
60%
Lionel Messi
59%
Blaise Matuidi
58%
Sergio Ramos
57%
Ronaldinho
56%
David Beckham
54%
Kingsley Coman
54%
Pauleta
53%
Daniel Alves
52%
Hatem Ben Arfa
52%
Maxwell
52%
Xavi Simons
52%
George Weah
46%
Lassana Diarra
42%
Jay-Jay Okocha
40%
Guillaume Hoarau
37%
Mickaël Landreau
33%
Jonathan Ikoné
25%
Pierre-Alain Frau
15%
Everton Santos
13%
Aucun quiz correspondant
Distribution des résultats
% des personnes avec chaque résultat
Percentile par nombre de réponses
Votre historique - résultats
Vous n’avez pas pris ce quiz depuis la dernière actualisation